| 000 | 00646nam a2200205 i 4500 | ||
|---|---|---|---|
| 001 | 173323 | ||
| 003 | ES-MaACL | ||
| 005 | 20230906215219.0 | ||
| 008 | 091125s1968 sp |||| |bspa d | ||
| 080 | _a929 Muñoz Rivera, Luis | ||
| 080 | _a972.95"18/19" | ||
| 100 | 1 |
_aArana-Soto, S. _922263 |
|
| 245 | 1 | 0 | _aLuis Muñoz Rivera, savia y sangre de Puerto Rico. |
| 260 |
_aSan Juan de Puerto Rico : _b[s.n.], _c1968. |
||
| 300 |
_a1 v. (207 p.) ; _c22 cm. |
||
| 505 | 8 |
_aContiene: I ; _tPatria y pensamiento |
|
| 600 | 1 | 4 |
_aMuñoz Rivera, Luis. _984485 |
| 651 | 4 |
_aPuerto Rico- _xHistoria- _y1810-1898. _9158600 |
|
| 852 |
_aES-MaACL _jC-57024 |
||
| 999 |
_c173323 _d173323 |
||